Reporter dan sumber berita : Persekongkolan dalam mengemas dan menyesatkan berita

Bibliographic Details
Main Author: Strentz,Herbert
Format: Book
Published: Jakarta : Pt Gramedia Pustaka Utama , 1993
Subjects:

MARC

LEADER 00000cam a2200000 7i4500
001 0000057631
005 20160102.0
008 160102
020 |a 9795119839 
090 0 0 |a 070.43092   |b STR 
100 1 |a Strentz,Herbert 
245 1 0 |a Reporter dan sumber berita :   |b Persekongkolan dalam mengemas dan menyesatkan berita   |c Herbert Strentz 
260 |a Jakarta :   |b Pt Gramedia Pustaka Utama ,   |c 1993 
650 0 |a Wartawan   |v berita 
999 |a 0000716937   |b Book   |c Adult Collection   |e Cawangan Pontian 
999 |a 000716937   |b Book   |c Adult Collection   |e Cawangan Pontian